|
|
|
|
| LEADER |
01319nam a2200337 a 4500 |
| 001 |
23979 |
| 003 |
BD-DhAAL |
| 008 |
111210s1999 mnua b 001 0 eng |
| 010 |
|
|
|a 99017529
|
| 020 |
|
|
|a 0816629145 (hardcover)
|
| 020 |
|
|
|a 0816629153 (pbk.)
|
| 040 |
|
|
|a DLC
|c DLC
|d DLC
|d BD-DhAAL
|
| 042 |
|
|
|a pcc
|
| 050 |
0 |
0 |
|a HM131
|b .H625 1999
|
| 082 |
0 |
0 |
|a 303.484
|
| 245 |
0 |
0 |
|a How social movements matter /
|c edited by Marco Giugni, Doug McAdam, and Charles Tilly ; foreword by Sidney Tarrow.
|
| 260 |
|
|
|a Minneapolis, Minn :
|b University of Minnesota Press,
|c c1999.
|
| 300 |
|
|
|a xxxiii, 324 pages :
|b illustrations ;
|c 24 cm.
|
| 490 |
0 |
|
|a Social movements, protest, and contention ;
|v v. 10
|
| 504 |
|
|
|a Includes bibliographical references (pages 271-302) and index.
|
| 541 |
|
|
|e 23979
|
| 650 |
|
0 |
|a Social movements.
|
| 650 |
|
0 |
|a Protest movements.
|
| 700 |
1 |
|
|a Giugni, Marco.
|9 54893
|
| 700 |
1 |
|
|a McAdam, Doug.
|9 54894
|
| 700 |
1 |
|
|a Tilly, Charles.
|9 54895
|
| 830 |
|
|
|a Social movements, protest, and contention ;
|v v. 10
|9 23818
|
| 852 |
1 |
|
|a Ayesha Abed Library
|c General Stacks
|
| 942 |
|
|
|2 ddc
|c BK
|
| 999 |
|
|
|c 11556
|d 11556
|
| 952 |
|
|
|0 0
|1 0
|2 ddc
|4 0
|6 303_484000000000000_HOW
|7 0
|9 18806
|a BIGD
|b BIGD
|c GEN
|d 2011-12-10
|l 0
|o 303.484 HOW
|p 3050023979
|r 2011-12-10
|t 1
|w 2011-12-10
|y BK
|x Transferred from BDI to BIGD.
|